Quizzes
Events
Quiz Creation
Community
Videos
Private Events
Remove Ads
Sign In
Join for FREE
Feedback
Dark Mode
Quiz Categories
Sports
Geography
Music
Movies
Television
Just For Fun
Miscellaneous
History
Literature
Language
Science
Gaming
Entertainment
Religion
Holiday
For Kids
Quiz Lab
Recent
Popular Today
Quiz Kudos Today
Editor Picks
Curator Picks
Quizzes by...
Day
Popularity
Type
Ratings
Length
Year
Community
Subscriptions
Recent Discussions
Orange Saloon
Badges
Playlists
Quests
Create
Leaderboards
Showdown
Live 5
Trivia Bingo
Activity
Puzzle Library
Sporcle Events
Private Events
Virtual Trivia
Globe League
Become a Host
Pub Owners
SporcleCon
Opinionation
Our Games
Videos
Blog
Mobile Apps
Partnerships
Remove Ads and Go Orange
Feedback
Sports
Athletes
MLB
NBA
NHL
NFL
Soccer
Sports Teams
WWE
NCAA
Football
Premier League
Basketball
Baseball
Hockey
Golf
Tennis
Cricket
Rugby
Auto Racing
Olympics
World Cup
Sports
Athletes
MLB
NBA
NHL
NFL
Soccer
Sports Teams
WWE
NCAA
Football
Premier League
Basketball
Baseball
Hockey
Golf
Tennis
Cricket
Rugby
Auto Racing
Olympics
World Cup
Random Quiz
Search Sporcle
×
Quiz Lab
Quiz Lab
Sports
2011
Type in answers that appear in a list
Type in answers that appear in a list
Classic
Best Score? Go Orange.
2011 Team By Team Pitching Wins Leaders Stats
Can you name the 2011 Team By Team Pitching Wins Leaders?
By
uniballer
15m
154 Questions
16 Plays
16 Plays
16 Plays
Comments
Comments
Give Quiz Kudos
Give Quiz Kudos
-
- Ratings
hide this ad
Replay
Link that replays current quiz
Next Quiz
Link to next quiz in quiz playlist
You Got
0%
They Got
Avg Score
33%
Avg Friend Score
Upgrade to see
Score Distribution
Jump to the score distribution portion of the page
Score
0/154
Timer
15:00
0
Plays Today
% Correct
Justin Verlander
87.5%
Roy Halladay
87.5%
Tim Hudson
81.3%
Josh Beckett
81.3%
Clayton Kershaw
81.3%
Cliff Lee
81.3%
Jered Weaver
75%
CC Sabathia
75%
Ian Kennedy
68.8%
Daniel Hudson
68.8%
Roy Oswalt
68.8%
Tim Lincecum
68.8%
Tommy Hanson
62.5%
Jon Lester
62.5%
Ryan Dempster
62.5%
Mark Buehrle
62.5%
Fausto Carmona
62.5%
Gio Gonzalez
62.5%
Cole Hamels
62.5%
Matt Cain
62.5%
John Lackey
56.3%
Bronson Arroyo
56.3%
Johnny Cueto
56.3%
Anibal Sanchez
56.3%
Dan Haren
56.3%
Ervin Santana
56.3%
Yovani Gallardo
56.3%
Zack Greinke
56.3%
Freddy Garcia
56.3%
Madison Bumgarner
56.3%
Felix Hernandez
56.3%
Chris Carpenter
56.3%
James Shields
56.3%
David Price
56.3%
Jair Jurrjens
50%
Matt Garza
50%
Carlos Zambrano
50%
Ubaldo Jimenez
50%
Max Scherzer
50%
Ricky Nolasco
50%
A.J. Burnett
50%
Joe Saunders
43.8%
Derek Lowe
43.8%
Jim Johnson
43.8%
Tim Wakefield
43.8%
Gavin Floyd
43.8%
Justin Masterson
43.8%
Rick Porcello
43.8%
Doug Fister
43.8%
Wandy Rodriguez
43.8%
Bartolo Colon
43.8%
Trevor Cahill
43.8%
% Correct
Ryan Vogelsong
43.8%
Jaime Garcia
43.8%
C.J. Wilson
43.8%
Randy Wells
37.5%
John Danks
37.5%
Homer Bailey
37.5%
Brad Penny
37.5%
Ted Lilly
37.5%
Chad Billingsley
37.5%
Francisco Liriano
37.5%
Ivan Nova
37.5%
Aaron Harang
37.5%
Mat Latos
37.5%
Derek Holland
37.5%
Matt Harrison
37.5%
Colby Lewis
37.5%
Ricky Romero
37.5%
Brandon Morrow
37.5%
Zach Britton
31.3%
Jeremy Guthrie
31.3%
Mike Leake
31.3%
Javier Vazquez
31.3%
Brett Myers
31.3%
Bruce Chen
31.3%
Luke Hochevar
31.3%
Jeff Francis
31.3%
Hiroki Kuroda
31.3%
Randy Wolf
31.3%
R.A. Dickey
31.3%
Vance Worley
31.3%
Jeff Karstens
31.3%
Paul Maholm
31.3%
Michael Pineda
31.3%
Kyle Lohse
31.3%
Jeremy Hellickson
31.3%
Jordan Zimmermann
31.3%
Josh Collmenter
25%
Alfredo Aceves
25%
Phil Humber
25%
Josh Tomlin
25%
J.A. Happ
25%
Greg Holland
25%
Mike Pelfrey
25%
Charlie Morton
25%
Jeff Niemann
25%
Livan Hernandez
25%
Brandon Beachy
18.8%
Travis Wood
18.8%
Jhoulys Chacin
18.8%
Bud Norris
18.8%
Joakim Soria
18.8%
Tyler Chatwood
18.8%
% Correct
Shaun Marcum
18.8%
Scott Baker
18.8%
Chris Capuano
18.8%
Jon Niese
18.8%
Brandon McCarthy
18.8%
Kevin Correia
18.8%
James McDonald
18.8%
Brian Wilson
18.8%
Jason Vargas
18.8%
Jake Westbrook
18.8%
Wade Davis
18.8%
Alexi Ogando
18.8%
Jake Arrieta
12.5%
Matt Belisle
12.5%
Jason Hammel
12.5%
Joel Pineiro
12.5%
Matt Guerrier
12.5%
Chris Narveson
12.5%
Brian Duensing
12.5%
Carl Pavano
12.5%
Guillermo Moscoso
12.5%
Tim Stauffer
12.5%
Kyle McClellan
12.5%
John Lannan
12.5%
Micah Owings
6.3%
Alfredo Simon
6.3%
Jeff Samardzija
6.3%
Jesse Crain
6.3%
Carlos Carrasco
6.3%
Tony Sipp
6.3%
Esmil Rogers
6.3%
Edward Mujica
6.3%
Clay Hensley
6.3%
Mark Melancon
6.3%
Blake Wood
6.3%
Scott Downs
6.3%
Rubby De La Rosa
6.3%
Nick Blackburn
6.3%
Dillon Gee
6.3%
Grant Balfour
6.3%
Cory Luebke
6.3%
Chad Qualls
6.3%
Blake Beaven
6.3%
David Pauley
6.3%
Shawn Camp
6.3%
Casey Janssen
6.3%
Jesse Litsch
6.3%
Carlos Villanueva
6.3%
Jason Marquis
6.3%
Drew Storen
6.3%
Quiz Playlist
Details
Report
Send in Message
Add To Playlist
Classic:
Type in answers that appear in a list
Last Updated: Feb 16, 2017
Quiz Scoreboard
CHALLENGE
Sign Up to Join the Scoreboard
Show All
Scores
Hide
Comments
May contain spoilers
Recently Published
Presidents Visiting Landmarks
by Hejman
History
7m
An Introduction to Baseball
by treessimontrees
Sports
5m
Movies - When Are They Set?
by FPL_Elf
Movies
5m
More to Explore
Quiz From the Vault
Featured Blog Post
Where Did the Easter Bunny Come From?
hide this ad
You Might Also Like...
Tags
2011
Pitching
team
Win
Today's Top Quizzes in Sports
Browse Sports
hide this ad
Today's Top Quizzes in 2011
Browse 2011
Top Contributed Quizzes in Sports
1
Les meilleurs buteurs des matchs entre le PSG et l’OM
2
2022 World Cup Stars
3
FIFA Club World Cup Champions
4
Les entraîneurs de l'OM et du PSG au 21e siècle
5
Name the Premier League winners with different clubs
6
La finale Lions - Afrique du Sud 2021
7
England Test cricketers to play under Nasser Hussain
8
5-to-1: UK Sports Teams
9
Les joueurs passés par le LOSC et le RC Lens
10
Criteria MLB: Left Handed Sluggers
Explore More
Trending Topics
Disney
Crossword
Harry Potter
Marvel
Kpop
NBA
Anime
WWE
Song
The Office
NFL
Puzzle
Soccer
Pokémon
Country
hide this ad
More By:
uniballer
Quiz
Plays
Rating
Category
Featured
Created
Top 5 Cy Young Voting (1990-2011)
359
4.50
Sports
Feb 6, 2012
Top 5 Heisman Finalists 1990-2013
296
4.33
Sports
Feb 10, 2014
NASCAR Top 25 in 2000
242
1.00
Sports
Apr 19, 2011
NFL Drafted Tight Ends (2000-2011)
226
4.50
Sports
Jan 20, 2012
2014 NASCAR Teams and Drivers
210
Sports
Feb 10, 2014
Go to Creator's Profile
Score Distribution
Quiz Creator Spotlight
uniballer
Follow
Send a Message
Quizzes Created
-
Created Quiz Play Count
-
More By This Creator
Popular Quizzes Today
1
Find the US States - No Outlines Minefield
2
Find the Countries of Europe - No Outlines Minefield
3
The Countries of the World
4
Find the US States
5
Popular People in 1961
6
US States
7
Risky Map Clicking: Biggest States A-Z
8
1-10 Letter E Words III
More Sports Quizzes
NFL Draft 2021 First 5 Players Picked Per Position
Quiz Lab
Trending Quizzes
Risky Map Clicking: Least Populous States A-Z
1-10 Letter G Words
1-10 Letter F Words
One Thing in Common: United Kingdom
Risky Map Clicking: Next State Alphabetically
Recently Updated
Leaping Animals
pecheneg
Reality TV Shows (A-Z)
bhenderson79
Rickey Henderson's Hall of Fame Teammates
pecheneg
Champions League XIs: Arsenal
pecheneg
Quick Pick: Celebrities in WWE's Hall of Fame
aduchscher
A-Z Keypad Blitz II
pecheneg
Multiple Oscar Actors
pecheneg
Mystery Phrase Blitz: Oscar 'Best Actors'
pecheneg
F. Scott Fitzgerald Novels
LTH
Pick 3 Villains
ddd62291
Trending Topics
NBA
Anime
Harry Potter
Marvel
Disney
Kpop
Crossword
The Office
Song
Puzzle
NFL
WWE
Soccer
Country
Pokémon
Your Account Isn't Verified!
In order to create a playlist on Sporcle, you need to verify the email address you used during registration. Go to your
Sporcle Settings
to finish the process.
Report this User
Report this user for behavior that violates our
Community Guidelines
.
Details:
Send Report
Go to the Sporcle.com Mobile Site →
Comments